UNITED NATION HANDBOOK 2008-2009 (Record no. 33787)

MARC details
000 -LEADER
fixed length control field 00321nam a22001457a 4500
003 - CONTROL NUMBER IDENTIFIER
control field SGT
020 ## - INTERNATIONAL STANDARD BOOK NUMBER
International Standard Book Number 9780477102100
082 ## - DEWEY DECIMAL CLASSIFICATION NUMBER
Classification number 342.23
Item number UNI
100 ## - MAIN ENTRY--PERSONAL NAME
Personal name UNITED NATION
245 ## - TITLE STATEMENT
Title UNITED NATION HANDBOOK 2008-2009
250 ## - EDITION STATEMENT
Edition statement 46
260 ## - PUBLICATION, DISTRIBUTION, ETC. (IMPRINT)
Place of publication, distribution, etc NEW ZEALAND
Name of publisher, distributor, etc UNITED NATION
Year of Publication 2008
300 ## - PAGE DESCRIPTION
No. of Pages 391
942 ## - ADDED ENTRY ELEMENTS (KOHA)
Source of classification or shelving scheme Dewey Decimal Classification
Koha item type Books
Holdings
Withdrawn status Lost status Source of classification or shelving scheme Damaged status Not for loan Collection code Home library Current library Date acquired SGTU Total Checkouts Full call number Accession No. (Barcode) Date last seen Bill Date Koha item type
    Dewey Decimal Classification   Not For Loan LAW SGT Science & Social Sciences Library SGT Science & Social Sciences Library 30/01/2026 SGTU   342.23 UNI FL3944 30/01/2026 30/01/2026 Books